| 000 | 01361nam a22002297a 4500 | ||
|---|---|---|---|
| 999 |
_c58030 _d58030 |
||
| 003 | Ge_BSU | ||
| 005 | 20210518132822.0 | ||
| 008 | 210518s2018 ge ||||| |||| 00| 0 geo d | ||
| 020 | _a9789941262722 | ||
| 041 | _ageo | ||
| 080 | _a621.3.011.7(072) ჯ-21 | ||
| 100 |
_aჯანელიძე, ოთარ. _91743 |
||
| 245 |
_aმეთოდური მითითებები ლაბორატორიული სამუშაოების ჩასატარებლად ელექტრული წრედების თეორია II-ში / _c ოთარ ჯანელიძე ; რედაქტორი ნუგზარ ჭედია ; ბათუმის შოთა რუსთაველის სახელმწ. უნ-ტი. |
||
| 264 |
_aთბილისი : _bუნივერსალი, _c2018. |
||
| 300 |
_a114 გვ. : _bნახ. ; _c20 სმ. |
||
| 504 | _aბიბლიოგრ.: გვ. 112. | ||
| 653 | _aელექტრული წრედები | ||
| 653 | _aმეთოდური მითითებები. | ||
| 700 |
_aჭედია, ნუგზარ _eრედაქტორი. _96249 |
||
| 710 |
_a ბათუმის შოთა რუსთაველის სახელმწ. უნ-ტი _911816 |
||
| 942 |
_2udc _cBK |
||